Movies Quiz

Random Movies or Actor Quiz
Score 0/87 Timer 04:00
0 Plays Today
Year Title % Correct
1972(The) Godfather
100%
1974(The) Godfather: Part II
100%
1965Nightmare in the Sun
95.5%
1993Wrestling Ernest Hemingway
95.5%
1978Invasion of the Body Snatchers
94%
2003Gods and Generals
94%
2007We Own the Night
94%
1986Belizaire the Cajun
92.5%
2005Kicking & Screaming
88.1%
2003Secondhand Lions
86.6%
1998(The) Gingerbread Man
85.1%
1990(The) Handmaid's Tale
83.6%
1962To Kill a Mockingbird
82.1%
1976(The) Eagle Has Landed
82.1%
2005Thank You for Smoking
82.1%
1993Falling Down
80.6%
1995Something to Talk About
80.6%
1996A Family Thing
77.6%
1996Sling Blade
77.6%
1991Rambling Rose
76.1%
2012Jayne Mansfield's Car
74.6%
1963Captain Newman, M.D.
71.6%
1990Days of Thunder
71.6%
1971Lawman
65.7%
1973Badge 373
65.7%
2000Gone in Sixty Seconds
65.7%
2011Seven Days in Utopia
65.7%
1971THX 1138
64.2%
1972(The) Great Northfield Minnesota Raid
64.2%
Year Title % Correct
1996Phenomenon
64.2%
1975(The) Killer Elite
61.2%
1976(The) Seven-Per-Cent Solution
61.2%
1984(The) Stone Boy
61.2%
1993Geronimo: An American Legend
61.2%
2008Four Christmases
61.2%
1990A Show of Force
59.7%
1995(The) Scarlet Letter
59.7%
2012Jack Reacher
59.7%
2013A Night in Old Mexico
59.7%
1979(The) Great Santini
58.2%
1981True Confessions
58.2%
2002Assassination Tango
58.2%
1974(The) Conversation
56.7%
1983Tender Mercies
55.2%
1995(The) Stars Fell on Henrietta
55.2%
1977(The) Greatest
52.2%
1979Apocalypse Now
52.2%
2000(The) 6th Day
52.2%
1976Network
50.7%
1985(The) Lightship
50.7%
1986Let's Get Harry
49.3%
1998A Civil Action
49.3%
1970(The) Revolutionary
46.3%
1988Colors
43.3%
2009Crazy Heart
43.3%
1975Breakout
41.8%
1992(The) News Boys
41.8%
1997(The) Apostle
40.3%
Year Title % Correct
2000A Shot at Glory
40.3%
2007Lucky You
37.3%
1969True Grit
35.8%
1967Countdown
34.3%
1969(The) Rain People
34.3%
2003Open Range
34.3%
2009Get Low
34.3%
2016In Dubious Battle
34.3%
1966(The) Chase
32.8%
1981(The) Pursuit of D.B. Cooper
32.8%
1987Hotel Colonial
31.3%
2014(The) Judge
29.9%
1973(The) Outfit
28.4%
1998Deep Impact
28.4%
1994(The) Paper
26.9%
1968Bullitt
25.4%
1970M.A.S.H.
25.4%
1991Convicts
25.4%
1992(The) Plague
22.4%
2018Widows
22.4%
1973Lady Ice
17.9%
1968(The) Detective
16.4%
1972Tomorrow
14.9%
1984(The) Natural
14.9%
2015Wild Horses
13.4%
1978(The) Betsy
9%
2002John Q
9%
1972Joe Kidd
7.5%
2009(The) Road
7.5%
Come Together.
Have Fun.
All Virtual.
We all need to come together. Play Sporcle's virtual live trivia to have fun, connect with people, and get your trivia on. Join a live hosted trivia game for your favorite pub trivia experience done virtually. If a virtual private party is more your thing, go here for details.

You're not logged in!

Compare scores with friends on all Sporcle quizzes.
OR
Log In

Sporcle TV

Today on Sporcle TV


Watch our educational content, quiz creation guides, and fun videos on Sporcle TV.

Show Comments

Extras

Top Quizzes Today


Score Distribution

Paid Content

Your Account Isn't Verified!

In order to create a playlist on Sporcle, you need to verify the email address you used during registration. Go to your Sporcle Settings to finish the process.

Report this User

Report this user for behavior that violates our Community Guidelines.

Details: